Central Library OPAC University of Rajshahi

প্রকৃত শিলেপর স্বরূপ সন্ধান / (Record no. 39085)

MARC details
000 -LEADER
fixed length control field 00877nam a2200229 4500
001 - CONTROL NUMBER
control field 39085
003 - CONTROL NUMBER IDENTIFIER
rucl marc code BD-RjUL
005 - DATE AND TIME OF LATEST TRANSACTION
control field 20211209052920.0
008 - FIXED-LENGTH DATA ELEMENTS--GENERAL INFORMATION
fixed length control field 160404s2003bg bg||||| |||| 00| ben
020 ## - INTERNATIONAL STANDARD BOOK NUMBER
International Standard Book Number 9845550258 :
Terms of availability : Tk.150.00
035 ## - SYSTEM CONTROL NUMBER
System control number (BD-RjUL)39197
040 ## - CATALOGING SOURCE
Original cataloging agency BD-RjUL
Language of cataloging ben
Transcribing agency BD-RjUL
041 ## - LANGUAGE CODE
Language code of text/sound track or separate title ben
082 ## - DEWEY DECIMAL CLASSIFICATION NUMBER
Edition number 23
Classification number 709
Author mark and year SAP 2003
100 ## - MAIN ENTRY--PERSONAL NAME
Personal name সাত্তার, আব্দুস
9 (RLIN) 119064
245 10 - TITLE STATEMENT
Title প্রকৃত শিলেপর স্বরূপ সন্ধান /
Statement of responsibility, etc. আব্দুস সাত্তার
260 ## - PUBLICATION, DISTRIBUTION, ETC. (IMPRINT)
Place of publication, distribution, etc. ঢাকা :
Name of publisher, distributor, etc. বাংলাদেশ শিল্পকলা একাডেমী,
Date of publication, distribution, etc. ২০০৩.
300 ## - PHYSICAL DESCRIPTION
Pagination [১০], ১৯৯ পৃ. :
Illustrations চিত্র ;
Size ২২ সেমি.
650 ## - SUBJECT ADDED ENTRY--TOPICAL TERM
Topical term or geographic name as entry element Art appreciation
9 (RLIN) 120623
Topical term or geographic name as entry element আর্ট রসাস্বাদন
9 (RLIN) 120624
942 ## - ADDED ENTRY ELEMENTS (KOHA)
Source of classification or shelving scheme Dewey Decimal Classification
Koha item type Books
Holdings
Lost status Source of classification or shelving scheme Damaged status Not for loan Collection code Permanent Location Current Location Shelving location Date acquired Source of acquisition Cost, normal purchase price Total Checkouts Full call number Date last seen Copy number Koha item type
  Dewey Decimal Classification   Not For Loan Non-fiction Central Library, University of Rajshahi Central Library, University of Rajshahi Reading Room 24/06/2013 Bangladesh Shilpakala Academy, Dhaka 150.00   B 709 SAP 2003 04/04/2016 C-1 Books
  Dewey Decimal Classification     Non-fiction Central Library, University of Rajshahi Central Library, University of Rajshahi   24/06/2013 Bangladesh Shilpakala Academy, Dhaka 150.00   B 709 SAP 2003 04/04/2016 C-2 Books
  Dewey Decimal Classification     Non-fiction Central Library, University of Rajshahi Central Library, University of Rajshahi   24/06/2013 Bangladesh Shilpakala Academy, Dhaka 150.00   B 709 SAP 2003 04/04/2016 C-3 Books